| Tag |
First Indicator |
Second Indicator |
Subfields |
| LEADER |
00000cam a22000001a 4500 |
| 001 |
in00002150421 |
| 006 |
m e d # |
| 007 |
cr mn mmmmabba |
| 008 |
870827s1776 nyu s s000 0 eng d |
| 005 |
20260331144721.4 |
| 035 |
|
|
|z w019966
|
| 035 |
|
|
|a MAAR8708271306B
|
| 035 |
|
|
|9 mwa91-41757
|
| 035 |
|
|
|a 324652
|
| 035 |
|
|
|a aas03019966
|
| 040 |
|
|
|a MWA
|c MWA
|e bdrb
|d UtOrBLW
|
| 110 |
1 |
|
|a New Jersey.
|b Provincial Congress.
|
| 245 |
1 |
0 |
|a In Provincial Congress, New-Jersey, Burlington, June 14, 1776 :
|b Whereas the Honourable Continental Congress have resolved, that the colony of New-Jersey be requested immediately to send three thousand three hundred of their militia to reinforce the army of New-York ...
|
| 264 |
|
1 |
|a [Burlington, N.J.] :
|b [publisher not identified],
|c [1776]
|
| 300 |
|
|
|a 1 sheet (2 unnumbered pages)
|
| 336 |
|
|
|a text
|b txt
|2 rdacontent
|
| 337 |
|
|
|a computer
|b c
|2 rdamedia
|
| 338 |
|
|
|a online resource
|b cr
|2 rdacarrier
|
| 500 |
|
|
|a Resolutions directing the militia of New Jersey.
|
| 500 |
|
|
|a Signed: By order of Congress, Samuel Tucker, president. A true copy, Attested, Wm. Paterson, sec.
|
| 500 |
|
|
|a Place of publication supplied by Bristol.
|
| 510 |
4 |
|
|a Bristol
|c B4286
|
| 510 |
4 |
|
|a Shipton & Mooney
|c 43098
|
| 510 |
4 |
|
|a Humphrey, C.H. New Jersey,
|c 161
|
| 530 |
|
|
|a Microform version available in the Readex Early American Imprints series.
|
| 533 |
|
|
|a Electronic text and image data.
|b [Chester, Vt. :
|c Readex, a division of Newsbank, Inc.,
|d 2002-2004.
|e Includes files in TIFF, GIF and PDF formats with inclusion of keyword searchable text.
|f (Early American imprints. First series ; no. 43098).
|
| 500 |
|
|
|a Electronic resource.
|
| 610 |
1 |
0 |
|a New Jersey.
|b Militia.
|
| 651 |
|
0 |
|a New Jersey
|x History, Military.
|
| 651 |
|
0 |
|a United States
|x History
|y Revolution, 1775-1783
|x American forces.
|
| 752 |
|
|
|a United States
|b New Jersey
|d Burlington.
|
| 830 |
|
0 |
|a Early American imprints.
|n Series I,
|p Evans (1639-1800) ;
|v no. 43098.
|
| 856 |
4 |
1 |
|u http://proxy.library.tamu.edu/login?url=https://opac.newsbank.com/select/evans/43098
|y Evans Digital Edition
|t 0
|
| 999 |
|
|
|a MARS
|
| 999 |
f |
f |
|s c970d239-909a-384a-b871-cda3262dc7fd
|i 5d1d8b6c-c7ef-3e0a-b263-c1f53035f45a
|t 0
|
| 952 |
f |
f |
|a Texas A&M University
|b College Station
|c Electronic Resources
|s www_evans
|d Available Online
|t 0
|h No information provided
|
| 998 |
f |
f |
|t 0
|l Available Online
|